Comorbilidad de TEA y TDAH: revisión sistemática de los avances en investigación (Record no. 189030)

MARC details
000 -CABECERA
campo de control de longitud fija 01866nab a2200277 a 4500
005 - FECHA Y HORA DE LA ÚLTIMA TRANSACCIÓN
campo de control 20250319161742.0
008 - ELEMENTOS DE LONGITUD FIJA--INFORMACIÓN GENERAL
campo de control de longitud fija 991125c2016 sp tr p o 000 0 spa d
035 ## - NÚMERO DE CONTROL DEL SISTEMA
Número de control de sistema UPN01000216930
040 ## - FUENTE DE LA CATALOGACIÓN
Centro catalogador/agencia de origen UPN
Lengua de catalogación spa
Centro/agencia transcriptor UPN
Normas de descripción aacr2
049 ## - COLECCIÓN
Colección ART-E
100 1# - ASIENTO PRINCIPAL--NOMBRE PERSONAL
Nombre de persona Rico Moreno, Jennifer
Enlace - jrico23@xtec.cat
100 1# - ASIENTO PRINCIPAL--NOMBRE PERSONAL
Nombre de persona Tárraga Mínguez, Raúl
245 10 - MENCIÓN DE TÍTULO
Título Comorbilidad de TEA y TDAH: revisión sistemática de los avances en investigación
Medio [recurso electrónico en línea]
506 0# - NOTA DE RESTRICCIONES AL ACCESO
Limitaciones de acceso Acceso abierto
520 3# - NOTA DE RESUMEN, ETC.
Sumario, etc. La reciente publicación del DSM-5, introduce la novedad de aceptar la posibilidad de un diagnóstico comórbido de los Trastorno de Espectro Autista (TEA) y el Trastorno por Déficit de Atención/Hiperactividad (TDAH). En este artículo se realiza una revisión de trabajos que han estudiado esta comorbilidad. Se revisaron un total de 28 investigaciones, estableciendo 4 temáticas diferentes. La investigación muestra tasas variables de comorbilidad de TEA y TDAH dependiendo de la edad y procedencia de las muestras, y de los criterios diagnósticos empleados. Cuando se da la comorbilidad de TEA y TDAH aumenta la severidad de la sintomatología autista y de trastornos externalizantes e internalizantes. Sin embargo, ello no parece relacionarse con un empeoramiento del estrés parental ni de la calidad de vida familiar.
650 #0 - ASIENTO SECUNDARIO DE MATERIA - TERMINO TEMATICO
9 (RLIN) 53508
Término de materia o nombre geográfico como elemento de entrada Trastorno por déficit de atención con hiperactividad
650 #2 - ASIENTO SECUNDARIO DE MATERIA - TERMINO TEMATICO
9 (RLIN) 23712
Término de materia o nombre geográfico como elemento de entrada Trastornos del espectro autista
650 #4 - ASIENTO SECUNDARIO DE MATERIA - TERMINO TEMATICO
Término de materia o nombre geográfico como elemento de entrada Educación
9 (RLIN) 682
653 0# - TERMINO DE INDIZACION - NO CONTROLADO
Término no controlado Comorbilidad
773 ## - ENLACE AL DOCUMENTO FUENTE/ENTRADA DE REGISTRO ANFITRIÓN
Parte(s) relacionada(s) Vol. 32, no. 3 (2016), p. 810-819
Título Anales de psicología = Annals of psychology
Número Internacional Normalizado para Publicaciones Seriadas 1695-2294
856 4# - LOCALIZACIÓN Y ACCESO ELECTRÓNICOS
Identificador Uniforme del Recurso <a href="https://revistas.um.es/analesps/article/view/analesps.32.3.217031">https://revistas.um.es/analesps/article/view/analesps.32.3.217031</a>
856 4# - LOCALIZACIÓN Y ACCESO ELECTRÓNICOS
Identificador Uniforme del Recurso <a href="https://doi.org/10.6018/analesps.32.3.217031">https://doi.org/10.6018/analesps.32.3.217031</a>
902 ## - ELEMENTOS DE DATOS B LOCAL, LDB (RLIN)
Creó Gloria Jiménez/1024
905 ## - TIPO DE MATERIAL
Tipo de material Articulo
942 ## - ELEMENTOS DE PUNTO DE ACCESO ADICIONAL (KOHA)
Tipo de ítem Koha Artículo Electrónico
Holdings
Estado de retiro Estado de pérdida Estado dañado No para préstamo Código de colección Localización permanente Ubicación/localización actual Ubicación en estantería Fecha de adquisición Total de préstamos Fecha visto por última vez Identificador Uniforme del Recurso Precio válido a partir de Tipo de ítem Koha
        Acceso abierto Bib. Gregorio Torres Quintero Bib. Gregorio Torres Quintero En línea 14/10/2024   14/10/2024 https://doi.org/10.6018/analesps.32.3.217031 14/10/2024 Artículo Electrónico